000 nam a22 7a 4500
999 _c9136
_d9136
008 180123b ||||| |||| 00| 0 eng d
100 _aNCERT
_95406
245 _aBiology - XI
260 _aNew Delhi
_bNCERT
_c2007